<?xml version="1.0" encoding="UTF-8"?>
<record
    xmlns:xsi="http://www.w3.org/2001/XMLSchema-instance"
    xsi:schemaLocation="http://www.loc.gov/MARC21/slim http://www.loc.gov/standards/marcxml/schema/MARC21slim.xsd"
    xmlns="http://www.loc.gov/MARC21/slim">

  <leader>05206nam a2200337 a 4500</leader>
  <controlfield tag="003">CHAP</controlfield>
  <controlfield tag="005">20230825183816.0</controlfield>
  <controlfield tag="007">ta</controlfield>
  <controlfield tag="008">230825s2021    mx  |||f |||| 001 0 spa d</controlfield>
  <datafield tag="020" ind1=" " ind2=" ">
    <subfield code="a">978-607-09-3770-5</subfield>
  </datafield>
  <datafield tag="040" ind1=" " ind2=" ">
    <subfield code="a">mxchpua</subfield>
    <subfield code="c">CHAP</subfield>
    <subfield code="e">rda</subfield>
  </datafield>
  <datafield tag="050" ind1="1" ind2="0">
    <subfield code="a">KZ3350</subfield>
    <subfield code="b">.S54 2021</subfield>
  </datafield>
  <datafield tag="082" ind1="0" ind2="0">
    <subfield code="a">808.8400341</subfield>
    <subfield code="b">S54 D47 2021</subfield>
    <subfield code="2">20</subfield>
  </datafield>
  <datafield tag="100" ind1="1" ind2=" ">
    <subfield code="9">187778</subfield>
    <subfield code="a">Sheffield, Ricardo</subfield>
    <subfield code="e">autor</subfield>
  </datafield>
  <datafield tag="245" ind1="1" ind2="4">
    <subfield code="a">Del desamor al amor :</subfield>
    <subfield code="b">la relaci&#xF3;n de M&#xE9;xico y el CIADI /</subfield>
    <subfield code="c">Ricardo Sheffield ; prologuista Marcelo Ebrard</subfield>
  </datafield>
  <datafield tag="250" ind1=" " ind2=" ">
    <subfield code="a">1a edici&#xF3;n</subfield>
  </datafield>
  <datafield tag="264" ind1=" " ind2=" ">
    <subfield code="a">M&#xE9;xico :</subfield>
    <subfield code="b">Porr&#xFA;a, </subfield>
    <subfield code="c">2021</subfield>
  </datafield>
  <datafield tag="300" ind1=" " ind2=" ">
    <subfield code="a">xvi, 174 p&#xE1;ginas :</subfield>
    <subfield code="b">ilustraciones</subfield>
  </datafield>
  <datafield tag="336" ind1=" " ind2=" ">
    <subfield code="2">rdacontent</subfield>
    <subfield code="a">texto</subfield>
    <subfield code="b">txt</subfield>
  </datafield>
  <datafield tag="337" ind1=" " ind2=" ">
    <subfield code="2">rdamedia</subfield>
    <subfield code="a">sin medio</subfield>
    <subfield code="b">n</subfield>
  </datafield>
  <datafield tag="338" ind1=" " ind2=" ">
    <subfield code="2">rdacarrier</subfield>
    <subfield code="a">volumen</subfield>
    <subfield code="b">nc</subfield>
  </datafield>
  <datafield tag="504" ind1=" " ind2=" ">
    <subfield code="a">Bibliograf&#xED;a: p&#xE1;ginas 169-174</subfield>
  </datafield>
  <datafield tag="505" ind1=" " ind2=" ">
    <subfield code="g">Pr&#xF3;logo  --
Introducci&#xF3;n --
Glosario --
Cap&#xED;tulo I. Inversi&#xF3;n, desarrollo y conflicto de inter&#xE9;s --
Inversi&#xF3;n extranjera y oportunidades de desarrollo  --
Empresas e inversi&#xF3;n --
An&#xE1;lisis del impacto de la inversi&#xF3;n extranjera en M&#xE9;xico --
Conflictos de intereses entre el Estado y las empresas trasnacionales --
Comercio entre Estados --
Los tratados bilaterales de inversi&#xF3;n  --
La inversi&#xF3;n trasnacional y los posibles conflictos  --
A modo de conclusi&#xF3;n --

Cap&#xED;tulo II. &#xBF;Qu&#xE9; es el CIADI? --
Los or&#xED;genes del CIADI --
El CIADI --
Posiciones te&#xF3;ricas acerca de la nacionalidad de las personas morales --
Qu&#xE9; es la inversi&#xF3;n extranjera --
Casos relevantes resueltos por el CIADI --
El CIADI, su naturaleza intermediaria --
El CIADI en el contexto de M&#xE9;xico --

Cap&#xED;tulo III. Panorama general de la instituci&#xF3;n arbitral --
El arbitraje frente a los mecanismos alternativos de resoluci&#xF3;n de conflictos --
El arbitraje en el derecho mexicano --
El arbitraje internacional --
El orden p&#xFA;blico --
Orden p&#xFA;blico interno y orden p&#xFA;blico internacional --
Corrupci&#xF3;n frente al arbitraje --
A modo de conclusi&#xF3;n --

Cap&#xED;tulo IV. El arbitraje en el contexto internacional: Convenio de Washington --
Importancia y establecimiento de los tratados bilaterales de inversi&#xF3;n --
Las reglas del arbitraje del CIADI --
Notas &#xFA;tiles sobre la soberan&#xED;a nacional --
El Poder Judicial y los m&#xE9;todos alternativos de soluci&#xF3;n de conflictos --
Generalidades del procedimiento arbitral ante el CIADI --
Proceso de sustanciaci&#xF3;n del arbitraje ante el CIADI --
El tribunal en funciones --
Actuaci&#xF3;n del tribunal en caso de rebeld&#xED;a --
Los laudos --
Los casos CIADI en relaci&#xF3;n con recursos de anulaci&#xF3;n --
A modo de conclusi&#xF3;n --

Cap&#xED;tulo V. Laudos arbitrales internacionales --
La teor&#xED;a Rosatti y el CIADI --
El atributo de un inversor --
Ejecuci&#xF3;n de laudos extranjeros y el orden p&#xFA;blico --
Orden p&#xFA;blico interno y orden p&#xFA;blico internacional --
Implicaciones de los laudos arbitrales en Am&#xE9;rica Latina --
La ejecuci&#xF3;n forzosa de un laudo --
La sede del arbitraje --
Teor&#xED;as sobre la internacionalizaci&#xF3;n de las inversiones en el &#xE1;mbito mundial --
Incentivos para la atracci&#xF3;n de inversiones extranjeras --
Los conflictos de inter&#xE9;s en el orden internacional --
A modo de conclusi&#xF3;n --

Cap&#xED;tulo VI. El CIADI y M&#xE9;xico --
M&#xE9;xico antes de la firma del CIADI de 2018 --
Casos resueltos antes de 2018 --
Cargill contra M&#xE9;xico --
Fireman's Fund Insurance Company contra M&#xE9;xico --
Asuntos pendientes de resoluci&#xF3;n --
El caso Joshua Dean Nelson contra M&#xE9;xico --
Oro Negro contra M&#xE9;xico --
La doctrina de las manos limpias --
Prospectiva del arbitraje internacional en M&#xE9;xico --

Bibliograf&#xED;a.</subfield>
  </datafield>
  <datafield tag="520" ind1="2" ind2=" ">
    <subfield code="a">Acorde con el pulso del mundo actual, Ricardo Sheffield realiza una radiograf&#xED;a de la historia medular del Centro Internacional de Arreglo de Diferencias Relativas a Inversiones, mejor conocido como CIADI, protagonista en el arbitraje de desacuerdos en materia de inyecci&#xF3;n econ&#xF3;mica a nivel internacional. El volumen se integra por seis cap&#xED;tulos con un estilo muy dispuesto a motivar la reflexi&#xF3;n en el lector. Lo valioso de sus fuentes y an&#xE1;lisis objetivo tiene la misi&#xF3;n de considerar a la historia, en particular acerca de derecho y econom&#xED;a internacional, como un motor de la conciencia del estado de una naci&#xF3;n en proceso de renovaci&#xF3;n integral. El corpus de este volumen, si bien se centra en el nacimiento y visi&#xF3;n del CIADI en el presente inmediato, da peso espec&#xED;fico al contexto hist&#xF3;rico y social, con el fin de arrojar una visi&#xF3;n integral y org&#xE1;nica de un pa&#xED;s que experimenta un r&#xE9;gimen de gobierno nunca antes visto. Es desde este escenario como el libro rebasa lo econ&#xF3;mico y lo legal para posicionarse entre las lecturas indispensables para dimensionar el M&#xE9;xico del presente, que da paso firme hacia un futuro inmediato. En suma, Del desamor al amor refrenda el compromiso &#xE9;tico de su autor con una naci&#xF3;n que toma partido a favor de la confianza de los ciudadanos en la legalidad de las instituciones nacionales.</subfield>
  </datafield>
  <datafield tag="650" ind1="1" ind2="7">
    <subfield code="9">31889</subfield>
    <subfield code="a">Derecho internacional</subfield>
  </datafield>
  <datafield tag="650" ind1="1" ind2="7">
    <subfield code="9">35226</subfield>
    <subfield code="a">Econom&#xED;a</subfield>
  </datafield>
  <datafield tag="650" ind1="1" ind2="3">
    <subfield code="9">187780</subfield>
    <subfield code="a">Public international law</subfield>
  </datafield>
  <datafield tag="650" ind1="1" ind2="3">
    <subfield code="9">147376</subfield>
    <subfield code="a">Economics</subfield>
  </datafield>
  <datafield tag="700" ind1="1" ind2=" ">
    <subfield code="9">187779</subfield>
    <subfield code="a">Ebrard, Marcelo</subfield>
    <subfield code="e">prologuista</subfield>
  </datafield>
  <datafield tag="942" ind1=" " ind2=" ">
    <subfield code="2">ddc</subfield>
    <subfield code="c">Libro</subfield>
  </datafield>
  <datafield tag="999" ind1=" " ind2=" ">
    <subfield code="c">219111</subfield>
    <subfield code="d">219111</subfield>
  </datafield>
  <datafield tag="952" ind1=" " ind2=" ">
    <subfield code="0">0</subfield>
    <subfield code="1">0</subfield>
    <subfield code="2">ddc</subfield>
    <subfield code="4">0</subfield>
    <subfield code="5">2</subfield>
    <subfield code="7">0</subfield>
    <subfield code="8">LIT</subfield>
    <subfield code="a">IA_</subfield>
    <subfield code="b">IA_</subfield>
    <subfield code="d">2022-11-07</subfield>
    <subfield code="e">Donaci&#xF3;n</subfield>
    <subfield code="i">Donaci&#xF3;n</subfield>
    <subfield code="l">0</subfield>
    <subfield code="o">808.8400341 S54 D47 2021</subfield>
    <subfield code="p">1108014900</subfield>
    <subfield code="r">2023-08-25 00:00:00</subfield>
    <subfield code="t">Ej. 1</subfield>
    <subfield code="w">2023-08-25</subfield>
    <subfield code="y">LIBRO</subfield>
  </datafield>
</record>
